Lecons sur l'exploitation des mines et én particulier sur l'exploitation des honilleres / (Record no. 79042)

MARC details
000 -LEADER
campo de control de longitud fija 00820nam a2200229 i 4500
001 - NÚMERO DE CONTROL
campo de control 79042
003 - IDENTIFICADOR DE NÚMERO DE CONTROL
campo de control ES-MaACL
005 - FECHA Y HORA DE LA ÚLTIMA TRANSACCIÓN
campo de control 20230906173904.0
007 - CAMPO FIJO DE DESCRIPCIÓN FÍSICA--INFORMACIÓN GENERAL
campo de control de longitud fija t|
008 - DATOS DE LONGITUD FIJA--INFORMACIÓN GENERAL
campo de control de longitud fija 041019s1911 fr ||||1| fre d
100 1# - ENTRADA PRINCIPAL--NOMBRE DE PERSONA
Nombre de persona Heise, F.
9 (RLIN) 62396
245 10 - MENCIÓN DEL TÍTULO
Título Lecons sur l'exploitation des mines et én particulier sur l'exploitation des honilleres /
Mención de responsabilidad, etc. par F. Heise et F. Herbst ; traduit de l'allemand par J.G. Bousquet ; avec la collaboratione de P. Bouzanquet, C. Dupont, E. Lecrivain.
260 ## - PUBLICACIÓN, DISTRIBUCIÓN, ETC.
Lugar de publicación, distribución, etc. [S.l. :
Nombre del editor, distribuidor, etc. s.n.,
Fecha de publicación, distribución, etc. 1911] (
Lugar de fabricación/manufactura Evreux :
Fabricante Ch. Herissey)
300 ## - DESCRIPCIÓN FÍSICA
Extensión 2 v. ;
Dimensiones 25 cm.
650 04 - PUNTO DE ACCESO ADICIONAL DE MATERIA--TÉRMINO DE MATERIA
Término de materia o nombre geográfico como elemento de entrada Minería.
9 (RLIN) 15054
700 1# - ENTRADA AGREGADA--NOMBRE PERSONAL
Nombre de persona Herbst, F.
9 (RLIN) 62670
700 1# - ENTRADA AGREGADA--NOMBRE PERSONAL
Nombre de persona Bousquet, J. G.
9 (RLIN) 31036
700 1# - ENTRADA AGREGADA--NOMBRE PERSONAL
Nombre de persona Bouzanquet, P.
9 (RLIN) 31106
700 1# - ENTRADA AGREGADA--NOMBRE PERSONAL
Nombre de persona Dupont, C.
9 (RLIN) 46102
700 1# - ENTRADA AGREGADA--NOMBRE PERSONAL
Nombre de persona Lecrivain, E.
9 (RLIN) 71117
852 ## - LOCALIZACIÓN
Ubicación ES-MaACL
Número de control de estantería F-1460-61
Holdings
Estatus retirado Estado de pérdida Estado de daño No para préstamo Biblioteca de origen Biblioteca actual Ubicación en estantería Fecha de adquisición Fuente de adquisición Total de préstamos Signatura topográfica completa Código de barras Visto por última vez Precio de reemplazo Tipo de ítem Koha
        Biblioteca del Ateneo de Madrid Biblioteca del Ateneo de Madrid Depósito 2 17/01/2008     F-1460-61 1082664 23/02/2023 23/02/2023 Libro impreso